00426nam a2200181Ia 4500003000400000005001700004008004100021020002200062040000700084041000800091082001600099100002400115245002600139260003400165300001400199365001300213650001800226OSt20230509094456.0210423s2010 xx 000 0 und d a978-81-7273-532-6 cAL aeng a302.23 RAVN aRAVINDRANATH (P k ) aNews media management aNew DelhibAuthor Pressc2010 av,92pbHB b250cINR aCommunication